000 00511nam a2200193Ia 4500
005 20250508151851.0
008 008 250505s9999 xx 000 0 eng d
037 _aBooks to be hide in OPAC
040 _aFEDL
_beng
_cFEDL
041 _aeng
_2eng
084 _a372, RUS/O
_qFEDL
100 _aBrobski
_9760204
245 0 _aRussian liturature class 8th (Russian)
260 _c1956
300 _a663p.
700 _a Kybikov
_9760205
942 _cHB
_h372, RUS/O
999 _c1332597
_d1332597